|
|
|
|
| LEADER |
01596nam a2200337 a 4500 |
| 001 |
3978855 |
| 003 |
BD-DhAAL |
| 005 |
20221208113337.0 |
| 008 |
090913s1995 dcua b i000 0 eng d |
| 999 |
|
|
|c 4066
|d 4066
|
| 010 |
|
|
|a 95018770
|
| 020 |
|
|
|a 0821333119
|
| 040 |
|
|
|a DLC
|c DLC
|d DLC
|d BD-DhAAL
|
| 082 |
0 |
0 |
|a 370.91724
|2 20
|
| 245 |
0 |
0 |
|a Priorities and strategies for education :
|b a World Bank review /
|
| 260 |
|
|
|a Washington, D.C. :
|b World Bank,
|c c1995.
|
| 300 |
|
|
|a xv, 173 pages :
|b color illustrations ;
|c 23 cm.
|
| 490 |
1 |
|
|a Development in practice
|
| 504 |
|
|
|a Includes bibliographical references (p. 157-173).
|
| 541 |
1 |
|
|a Donated by Akbar Ali Khan
|e 00007316, 40042
|
| 650 |
|
0 |
|a Education
|z Developing countries.
|9 52759
|
| 650 |
|
0 |
|a Education
|z Developing countries
|x Finance.
|9 52760
|
| 650 |
|
0 |
|a Education and state
|z Developing countries.
|9 52761
|
| 650 |
|
0 |
|a Educational equalization
|z Developing countries.
|9 52762
|
| 650 |
|
0 |
|a Economic development
|x Effect of education on.
|9 52763
|
| 710 |
2 |
|
|a World Bank.
|9 52764
|
| 830 |
|
0 |
|a Development in practice (Washington, D.C.)
|9 52765
|
| 852 |
4 |
|
|a Ayesha Abed Library
|j General Shelf.
|
| 942 |
|
|
|2 ddc
|c BK
|
| 952 |
|
|
|0 0
|1 0
|2 ddc
|4 0
|6 370_917240000000000_PRI
|7 0
|9 3741
|a BRACUL
|b BRACUL
|c GEN
|d 2009-10-03
|g 0.00
|l 1
|m 4
|o 370.91724 PRI
|p 3010007316
|r 2010-11-15
|s 2010-10-13
|t 1
|w 2009-10-03
|y BK
|x No price found in the accession register.
|
| 952 |
|
|
|0 0
|1 0
|2 ddc
|4 0
|6 370_917240000000000_PRI
|7 1
|9 72453
|a BRACUL
|b BRACUL
|c CS1
|d 2022-12-08
|e Donated by Akbar Ali Khan
|g 5227.96
|l 0
|o 370.91724 PRI
|p 3010040042
|r 2022-12-08
|t 2
|v 5227.96
|w 2022-12-08
|y BK
|